000 01022nac a22003137a 4500
001 BR0103999
003 BR-BrBNA
005 20240105122623.0
008 230509b bl.|||m| |||| 00| 0 por d
040 _aBR-BrBNA
_bpor
_cBiblioteca Nacional de Agricultura
072 _aF60
090 _a0150 BR0103999
100 1 _aPinheiro, B. da S.
100 1 _aStone, L.F.
100 1 _aSilva, S.C. da
110 1 _aEMBRAPA Arroz e Feijao, Santo Antonio de Goias, GO (Brasil)
245 1 _aMinimizacao do risco por deficiencia hidrica em arroz de sequeiro na regiao dos Cerrados
260 3 _aSanto Antonio de Goias, GO (Brasil):
_c2000.
300 _a39 p.
490 _aCircular Tecnica - EMBRAPA Arroz e Feijao (Brazil)
_vno. 36
_xISSN 1516-8476
500 _a23 ref.; 9 illus.; 11 tables
650 _aArroz Sequeiro
650 _aDeficiencia Hidrica
650 _aAdubacao
650 _aPratica Cultural
650 _aCerrado
909 _a202312
_bLúcia Elande
_c55
_dLúcia Elande
942 _2AGRIS
_n0
_cMS
999 _c291964
_d291964